MARC

LEADER 00000nam0a2200000 4500
001 272170
005 20231101234515.0
020 |a RU  |b 87-46609 
035 |a (RuTPU)RU\TPU\book\295376 
090 |a 272170 
100 |a 20141015d1987 m y0rusy5003 ca 
101 0 |a rus 
102 |a RU 
105 |a a j 001zy 
200 1 |a Производство сульфатной целлюлозы  |e учебник  |f Ю. А. Поляков, В. И. Рощин 
205 |a 2-е изд., перераб. и доп. 
210 |a Москва  |c Лесная промышленность  |d 1987 
215 |a 311 с.  |c ил. 
320 |a Библиогр.: с. 310 (9 назв.) 
606 1 |a Сульфатцеллюлозное производство  |2 stltpush  |3 (RuTPU)RU\TPU\subj\58265  |9 76070 
610 1 |a учебники 
610 1 |a целлюлоза 
610 1 |a сырье 
610 1 |a физико-химические основы 
610 1 |a оборудование 
610 1 |a регенерация 
610 1 |a промывка 
610 1 |a сортировка 
675 |a 676.16(075.32)  |z rus  |v 3 
700 1 |a Поляков  |b Ю. А.  |g Юрий Антонович 
701 1 |a Рощин  |b В. И.  |g Виктор Иванович 
801 0 |a RU  |b RuMRKP  |c 19950417  |g psbo 
801 1 |a RU  |b 63413507  |c 20141015 
801 2 |a RU  |b 63413507  |c 20161223  |g RCR 
942 |c BK